| Tag |
First Indicator |
Second Indicator |
Subfields |
| LEADER |
00000cam a2200000Ki 4500 |
| 001 |
in00003544005 |
| 006 |
m o d |
| 007 |
cr cnu---unuuu |
| 008 |
131121s1999 ne a ob 001 0 eng d |
| 005 |
20260422200340.1 |
| 020 |
|
|
|a 9789401593113
|q (electronic bk.)
|
| 020 |
|
|
|a 9401593116
|q (electronic bk.)
|
| 020 |
|
|
|z 9789048151561
|
| 020 |
|
|
|z 9048151562
|
| 024 |
7 |
|
|a 10.1007/978-94-015-9311-3
|2 doi
|
| 035 |
|
|
|a (OCoLC)863638845
|
| 040 |
|
|
|a GW5XE
|b eng
|e rda
|e pn
|c GW5XE
|d OCLCF
|d OCLCQ
|d UtOrBLW
|
| 049 |
|
|
|a TXAM
|
| 050 |
|
4 |
|a HD30.255
|b .V65 1999eb
|
| 082 |
0 |
4 |
|a 658.408
|2 22
|
| 245 |
0 |
0 |
|a Voluntary approaches in environmental policy /
|c edited by Carlo Carraro, University of Venice, Italy, and Fondazione Eni Enrico Mattei, Milan, Italy, and François Lévêque, École des Mines, Paris, France.
|
| 264 |
|
1 |
|a Dordrecht :
|b Springer Science+Business Media,
|c [1999]
|
| 264 |
|
4 |
|c ©1999
|
| 300 |
|
|
|a 1 online resource (vi, 265 pages) :
|b illustrations.
|
| 336 |
|
|
|a text
|b txt
|2 rdacontent
|
| 337 |
|
|
|a computer
|b c
|2 rdamedia
|
| 338 |
|
|
|a online resource
|b cr
|2 rdacarrier
|
| 490 |
1 |
|
|a Fondazione Eni Enrico Mattei (FEEM) Series on economics, energy and environment ;
|v 14
|
| 504 |
|
|
|a Includes bibliographical references and index.
|
| 588 |
0 |
|
|a Print version record.
|
| 520 |
|
|
|a In recent years, voluntary approaches to emission reductions have increasingly been adopted by major companies all over the world and have increasingly been supported by regulatory bodies and public administrations. Despite this world-wide effort to achieve a better environmental performance through voluntary approaches, economic analysis has somehow neglected the importance of voluntary approaches as an environmental policy instrument. This book is a first attempt to fill this gap by gathering together all major experts in the fields and by providing a detailed analysis of all main aspects characterising the design and implementation of voluntary approaches in environmental policy. The book, which is the outcome of cooperation between the cole des Mines of Paris and the Fondazione ENI E. Mattei, within the EU Concerted Action on Market Based Policy Instruments for Environmental Protection, contains both theoretical analyses and case studies. The chapters of this book therefore provide a useful assessment of the main features and of the potential implementation problems of a new, important and promising environmental policy instrument.
|
| 650 |
|
0 |
|a Industrial management
|x Environmental aspects.
|
| 650 |
|
0 |
|a Environmental policy.
|
| 650 |
|
0 |
|a Voluntarism.
|
| 650 |
|
7 |
|a Environmental policy.
|2 fast
|0 (OCoLC)fst00913250
|
| 650 |
|
7 |
|a Industrial management
|x Environmental aspects.
|2 fast
|0 (OCoLC)fst00971283
|
| 650 |
|
7 |
|a Voluntarism.
|2 fast
|0 (OCoLC)fst01168976
|
| 655 |
|
7 |
|a Electronic books.
|2 local
|
| 700 |
1 |
|
|a Carraro, Carlo,
|e editor.
|
| 700 |
1 |
|
|a Lévêque, François,
|e editor.
|
| 710 |
2 |
|
|a SpringerLink (Online service)
|
| 776 |
1 |
8 |
|i Print version:
|t Voluntary approaches in environmental policy
|z 9789048151561
|w (OCoLC)40255952
|
| 830 |
|
0 |
|a Fondazione Eni Enrico Mattei (FEEM) series on economics and the environment.
|
| 856 |
4 |
0 |
|u http://proxy.library.tamu.edu/login?url=https://link.springer.com/10.1007/978-94-015-9311-3
|z Connect to the full text of this electronic book
|t 0
|
| 994 |
|
|
|a 92
|b TXA
|
| 999 |
|
|
|a MARS
|
| 999 |
f |
f |
|s de6ff598-3d4d-33aa-abe6-6e142f8285ff
|i 954804db-24b2-36ee-953f-8c805f59c7d9
|t 0
|
| 952 |
f |
f |
|a Texas A&M University
|b College Station
|c Electronic Resources
|s www_evans
|d Available Online
|t 0
|e HD30.255 .V65 1999eb
|h Library of Congress classification
|
| 998 |
f |
f |
|a HD30.255 .V65 1999eb
|t 0
|l Available Online
|